000 00751nam a2200229 a 4500
001 BRCA_180
005 20190320202918.0
008 980430s1998 maua---e#b---#001-0#eng-d
020 _a0750631171
040 _aScU
_cScU
_dOCoLC
050 4 _aN8560
_b.L38 1998
245 1 0 _aLaser cleaning in conservation
_ban introduction
_cedited by Martin Cooper.
260 _aWoburn, Massachusetts
_bButterworth-Heinemann
_c1998
300 _ax, 98 p.
_bil. (algunas a color)
_c26 cm.
500 _aIncluye glosario
504 _aIncluye referencias bibliográficas e índice
650 1 4 _aLaser con rayos X
_9662
650 1 4 _aArte
_xConservación y restauración
_9663
653 0 _aLimpieza de obras de arte
700 1 _aCooper, Martin
_9664
942 _2lcc
_cB
999 _c151
_d151